Vergleichende ornithologische untersuchungen an drei altwässern entlang der Tisza

Elmentve itt :
Bibliográfiai részletek
Szerző: Legány András
Dokumentumtípus: Cikk
Megjelent: 1967
Sorozat:Tiscia
Kulcsszavak:Természettudomány
Online Access:http://acta.bibl.u-szeged.hu/9658
LEADER 00614nab a2200181 i 4500
001 acta9658
005 20210323141721.0
008 161015s1967 hu o 0|| ger d
022 |a 0563-587X 
040 |a SZTE Egyetemi Kiadványok Repozitórium  |b hun 
041 |a ger 
100 1 |a Legány András 
245 1 0 |a Vergleichende ornithologische untersuchungen an drei altwässern entlang der Tisza  |h [elektronikus dokumentum] /  |c  Legány András 
260 |c 1967 
300 |a 93-103 
490 0 |a Tiscia 
695 |a Természettudomány 
856 4 0 |u http://acta.bibl.u-szeged.hu/9658/1/tiscia_003_093-103.pdf  |z Dokumentum-elérés